000
00344nam a2200157Ia 4500
100
_a
Gladis/Steve
650
_a
General
942
_c
BK
654
_a
public presentation
245
_a
Managers pocket guide to Public presentation
260
_b
Jaico
_c
2004
082
_a
658.401
_b
GLA
300
_a
162
546
_a
ENGLISH
999
_c
21289
_d
21289